000 00510cam a2200193ua 4500
020 _a81-203-1236-8
_c295.00
041 _aeng
_h
082 _a631.4
_bMIL/SO
100 _aMiller, Raymond W .
245 _aSoils in our environment /
_cRaymond W Miller.
_hTextual Documents
250 _a7 /
_b.
260 _aNew Delhi :
_bPrentice Hall of India Pvt Ltd. ,
_c1997.
300 _a649 ; .
365 _a295.00
504 _a
700 1 _aDonahue, Roy L .
942 _cBK
999 _c7316
_d7316